000 00553nam a2200181Ia 4500
003 GCL
008 140319s9999 xx 000 0 ara d
040 _aGCL /
_cGCL
082 0 4 _a940.18
_bج ع
100 1 _aجوزيف نسيم يوسف
245 1 0 _aالعرب والروم والاثنين فى الحرب الصليبية الاولى /
_cجوزيف نسيم يوسف
300 _a405 ص
490 _aكتاب
_v0
650 0 4 _aتاريخ
650 0 4 _aالحروب الصليبية
650 0 4 _aالعصور الوسطى
942 _2ddc
_cBK
999 _c41987
_d41987